Welcome to WEB OPAC of MRSPTU Central Library

Principles of corporate finance (Record no. 5934)

MARC details
000 -LEADER
fixed length control field 00489nam a2200181Ia 4500
008 - FIXED-LENGTH DATA ELEMENTS--GENERAL INFORMATION
fixed length control field 230711s9999||||xx |||||||||||||| ||und||
020 ## - INTERNATIONAL STANDARD BOOK NUMBER
International Standard Book Number 978-93-329-0270-1
041 ## - LANGUAGE CODE
Language code of text/sound track or separate title ENG
082 ## - DEWEY DECIMAL CLASSIFICATION NUMBER
Classification number 658.15
Item number BR-P
100 ## - MAIN ENTRY--PERSONAL NAME
Personal name Brealey,Richard A
245 #0 - TITLE STATEMENT
Title Principles of corporate finance
250 ## - EDITION STATEMENT
Edition statement 11th Ed.
260 ## - PUBLICATION, DISTRIBUTION, ETC.
Date of publication, distribution, etc. 2014
Place of publication, distribution, etc. New Delhi
Name of publisher, distributor, etc. McGraw Hill Education(India) Private Limited
300 ## - PHYSICAL DESCRIPTION
Extent 974p.
650 ## - SUBJECT ADDED ENTRY--TOPICAL TERM
Topical term or geographic name entry element UNIVESITY BUSNIESS SCHOOL
700 ## - ADDED ENTRY--PERSONAL NAME
Personal name Myers,Stewart C
942 ## - ADDED ENTRY ELEMENTS (KOHA)
Koha item type Book
Holdings
Withdrawn status Lost status Damaged status Not for loan Collection Home library Current library Date acquired Cost, normal purchase price Inventory number Total checkouts Full call number Barcode Date last seen Price effective from Koha item type Date last checked out
          MRSPTU Central Library MRSPTU Central Library   750.00 842483   658.15 BR-P 32014 08/17/2023 08/17/2023 Book  
          MRSPTU Central Library MRSPTU Central Library   750.00 842483 1 658.15 BR-P 32015 04/04/2025 08/17/2023 Book 03/25/2025
          MRSPTU Central Library MRSPTU Central Library   750.00 842483   658.15 BR-P 32016 08/17/2023 08/17/2023 Book  
          MRSPTU Central Library MRSPTU Central Library       2 658.15 BR-P 37927 04/17/2025 08/17/2023 Book 03/20/2025
          MRSPTU Central Library MRSPTU Central Library         658.15 BR-P 37928 08/17/2023 08/17/2023 Book  
          MRSPTU Central Library MRSPTU Central Library         658.15 BR-P 37929 08/17/2023 08/17/2023 Book  
          MRSPTU Central Library MRSPTU Central Library         658.15 BR-P 37930 08/17/2023 08/17/2023 Book  
          MRSPTU Central Library MRSPTU Central Library       1 658.15 BR-P 37931 09/06/2024 08/17/2023 Book 09/06/2024
          MRSPTU Central Library MRSPTU Central Library         658.15 BR-P 37932 08/17/2023 08/17/2023 Book  
          MRSPTU Central Library MRSPTU Central Library       1 658.15 BR-P 37933 03/10/2025 08/17/2023 Book 02/18/2025
          MRSPTU Central Library MRSPTU Central Library         658.15 BR-P 37934 08/17/2023 08/17/2023 Book  
          MRSPTU Central Library MRSPTU Central Library       1 658.15 BR-P 37935 04/17/2025 08/17/2023 Book 03/20/2025
          MRSPTU Central Library MRSPTU Central Library       1 658.15 BR-P 37936 01/27/2025 08/17/2023 Book 01/22/2025

Website Designed and Developed by MRSPTU Central Library Team

E-mail Id: librarian@mrsptu.ac.in